logo

Bir Sreshtho Munshi Abdur Rouf Library
Jhenaidah Cadet College

একজন রাজনৈতিক কর্মীর প্রতিচ্ছবি / (Record no. 6999)

MARC details
000 -LEADER
fixed length control field 00677nam a22002177a 4500
001 - CONTROL NUMBER
JCCL Control Number 6999
003 - CONTROL NUMBER IDENTIFIER
JCCL marc code BD-JhCC
005 - DATE AND TIME OF LATEST TRANSACTION
control field 20180329181325.0
008 - FIXED-LENGTH DATA ELEMENTS--GENERAL INFORMATION
fixed length control field 180203b xxu||||| |||| 00| 0 eng d
035 ## - SYSTEM CONTROL NUMBER
system control number (BD-JhCC)6999
040 ## - CATALOGING SOURCE
Original cataloging agency BD-JhCC
Modifying agency BD-JhCC
041 ## - LANGUAGE CODE
Language code of Book eng
082 ## - DEWEY DECIMAL CLASSIFICATION NUMBER
Classification number 923
Author mark and Year SOR 2003
100 ## - MAIN ENTRY--PERSONAL NAME
Personal name সরকার, মোনায়েম
245 ## - TITLE STATEMENT
Title একজন রাজনৈতিক কর্মীর প্রতিচ্ছবি /
Statement of responsibility, etc মোনায়েম সরকার
260 ## - PUBLICATION, DISTRIBUTION, ETC. (IMPRINT)
Place of publication, distribution, etc ঢাকা :
Name of publisher, distributor, etc আগামী প্রকাশনী,
Date of publication, distribution, etc 2003.
300 ## - PHYSICAL DESCRIPTION
Pagination 159 p. :
Dimensions 22 cm.
650 ## - SUBJECT ADDED ENTRY--TOPICAL TERM
Topical term or geographic name as entry element Biography
942 ## - ADDED ENTRY ELEMENTS (KOHA)
Source of classification or shelving scheme Dewey Decimal Classification
Koha item type Books
Holdings
Source of classification or shelving scheme Damaged status Not for loan Home library Current library Shelving location Cost, normal purchase price Total Checkouts Full call number Barcode Date last seen Copy number Koha item type
Dewey Decimal Classification     JCC Rouf Library JCC Rouf Library General Stacks 150.00   923 SOR 2003 9639 02/03/2018 C - 1 Books

JCC Library | Contacts | JCC Home

Last Update on 23 September 2017
Copyright @ 2017-2020 JCC Rouf Library
Rouf Library, Jhenidah Cadet College (JCC), Bangladesh